[Event "Salerno op"]
[Site "Salerno "]
[Date "2012.01.29"]
[Round "5"]
[White "Lamagna, Mario"]
[Black "Lamberti, Valerio"]
[Result "1-0"]
[WhiteElo "1987"]
[BlackElo "1750"]
[PlyCount "59"]
[EventDate "2012.01.27"]
[EventType "swiss"]
[EventRounds "6"]
[EventCountry "ITA"]
[SourceTitle "EXT 2014"]
[Source "ChessBase"]
[SourceDate "2013.11.20"]
[SourceVersion "1"]
[SourceVersionDate "2013.11.20"]
[SourceQuality "1"]

1. e4 e5 2. Nf3 Nc6 3. Bb5 a6 4. Ba4 Nf6 5. 0-0 Nxe4 6. d4 b5 7. Bb3 d5 8. dxe5 Be6 9. Nbd2 Nc5 10. c3 Be7 11. Bc2 d4 12. cxd4 Nxd4 13. Nxd4 Qxd4 14. Nf3 Qxd1 15. Rxd1 Bg4 16. Be3 0-0 17. h3 Bxf3 18. gxf3 Rad8 19. Rac1 Rxd1+ 20. Rxd1 g6 21. b4 Ne6 22. a3 Rd8 23. Rxd8+ Nxd8 24. f4 Kf8 25. f5 Ke8 26. Be4 Kd7 27. Kf1 Nc6 28. e6+ fxe6 29. fxe6+ Kd6 30. Bc5+ 1-0

[Event "Ischia op"]
[Site "Ischia"]
[Date "2010.??.??"]
[Round "4"]
[White "Lamagna, Mario"]
[Black "Heikkila, Antti"]
[Result "0-1"]
[WhiteElo "2005"]
[BlackElo "2045"]
[PlyCount "90"]
[EventDate "2010.02.??"]
[EventType "swiss"]
[EventRounds "9"]
[EventCountry "ITA"]
[SourceTitle "EXT 2012"]
[Source "ChessBase"]
[SourceDate "2011.11.24"]
[SourceVersion "1"]
[SourceVersionDate "2011.11.24"]
[SourceQuality "1"]

1. e4 d6 2. d4 Nf6 3. Nc3 g6 4. Nf3 Bg7 5. Be2 0-0 6. 0-0 c6 7. h3 Nbd7 8. Be3 e5 9. dxe5 dxe5 10. Qd2 Qe7 11. Ne1 Nc5 12. f3 Nh5 13. Nd3 Ne6 14. Qe1 Nd4 15. Bd1 b5 16. Ne2 Be6 17. c3 Nxe2+ 18. Bxe2 Rfd8 19. Qf2 Bc4 20. Rfd1 Bf6 21. Bc5 Qe6 22. b3 Bxd3 23. Bxd3 Nf4 24. Bf1 Be7 25. Be3 Rd7 26. Rxd7 Qxd7 27. Qd2 Qxd2 28. Bxd2 Bc5+ 29. Kh2 Rd8 30. Be1 Be3 31. g3 Ne6 32. a4 bxa4 33. b4 Bd2 34. Bxd2 Rxd2+ 35. Bg2 Rc2 36. Rxa4 Rxc3 37. Rxa7 Rb3 38. Ra6 Nd4 39. f4 Rxb4 40. fxe5 c5 41. Rd6 h5 42. Rd5 Ne6 43. h4 c4 44. Bh3 Rb2+ 45. Kg1 c3 0-1

[Event "ITA-ch sf"]
[Site "Saint Vincent"]
[Date "2008.07.22"]
[Round "4"]
[White "Cordara, Michele"]
[Black "Lamagna, Mario"]
[Result "1-0"]
[WhiteElo "2146"]
[BlackElo "1888"]
[PlyCount "73"]
[EventDate "2008.07.19"]
[EventType "swiss"]
[EventRounds "9"]
[EventCountry "ITA"]
[SourceTitle "EXT 2009"]
[Source "ChessBase"]
[SourceDate "2008.11.26"]
[SourceVersion "1"]
[SourceVersionDate "2008.11.26"]
[SourceQuality "1"]

1. c4 g6 2. g3 Bg7 3. Bg2 c5 4. Nf3 Nc6 5. Nc3 a6 6. 0-0 e6 7. e3 Nge7 8. d4 cxd4 9. exd4 d5 10. c5 Nf5 11. Be3 0-0 12. Na4 Nxe3 13. fxe3 Ne7 14. Nb6 Rb8 15. b4 Bd7 16. a4 Nc8 17. Nxd7 Qxd7 18. Qe2 Ne7 19. Rfd1 Nc6 20. b5 axb5 21. axb5 Ne7 22. Ra7 Nc8 23. Ra3 Ne7 24. Bf1 Ra8 25. Rda1 Rxa3 26. Rxa3 Rb8 27. Qa2 Nf5 28. Ra8 Qc8 29. Rxb8 Qxb8 30. b6 Nxe3 31. Qa7 Qc8 32. Ba6 Bxd4 33. Nxd4 Qxc5 34. Qb8+ Kg7 35. Qe5+ Kf8 36. Qxe3 Qxb6 37. Be2 1-0

[Event "ITA-ch sf"]
[Site "Saint Vincent"]
[Date "2008.07.21"]
[Round "2"]
[White "Ricci, Marco"]
[Black "Lamagna, Mario"]
[Result "1/2-1/2"]
[WhiteElo "2139"]
[BlackElo "1888"]
[PlyCount "81"]
[EventDate "2008.07.19"]
[EventType "swiss"]
[EventRounds "9"]
[EventCountry "ITA"]
[SourceTitle "EXT 2009"]
[Source "ChessBase"]
[SourceDate "2008.11.26"]
[SourceVersion "1"]
[SourceVersionDate "2008.11.26"]
[SourceQuality "1"]

1. e4 e6 2. d4 d5 3. Nd2 Be7 4. e5 Nh6 5. Bd3 c5 6. c3 Nc6 7. Ndf3 Qb6 8. Ne2 Bd7 9. 0-0 f6 10. dxc5 Qxc5 11. exf6 Bxf6 12. Bxh6 gxh6 13. Nf4 0-0-0 14. Re1 Rde8 15. Bc2 Qb6 16. Bb3 Qc5 17. Qe2 Rhf8 18. Nd3 Qb6 19. Qe3 Qxe3 20. Rxe3 d4 21. cxd4 Nxd4 22. Rc1+ Kb8 23. Nde5 Nxf3+ 24. gxf3 Bxe5 25. Rxe5 Rxf3 26. Rce1 Rf6 27. Kf1 Kc7 28. R1e3 Kd6 29. Ra5 a6 30. Rd3+ Ke7 31. Re3 Bb5+ 32. Ke1 Rg8 33. Rg3 Rg5 34. Bc2 Re5+ 35. Re3 Rxe3+ 36. fxe3 Rf3 37. a4 Bc6 38. Rh5 Rxe3+ 39. Kd2 Rf3 40. Rxh6 Kd6 41. Rh5 1/2-1/2

[Event "Torre del Greco op"]
[Site "Torre del Greco"]
[Date "2006.09.05"]
[Round "3"]
[White "Dragojlovic, Andjelko"]
[Black "Lamagna, Mario"]
[Result "1-0"]
[WhiteElo "2368"]
[BlackElo "1912"]
[PlyCount "53"]
[EventDate "2006.09.03"]
[EventType "swiss"]
[EventRounds "9"]
[EventCountry "ITA"]
[SourceTitle "EXT 2007"]
[Source "ChessBase"]
[SourceDate "2006.11.23"]
[SourceVersion "1"]
[SourceVersionDate "2006.11.23"]
[SourceQuality "1"]

1. e4 e6 2. b3 d5 3. Bb2 dxe4 4. Nc3 Nf6 5. g4 h6 6. Bg2 e5 7. h3 Nc6 8. Nge2 Bc5 9. Ng3 0-0 10. Ncxe4 Nxe4 11. Bxe4 Qf6 12. 0-0 Qh4 13. Kg2 Nd4 14. Bxd4 exd4 15. Qf3 c6 16. Bf5 g6 17. Bxc8 Raxc8 18. Rae1 Bd6 19. Ne4 Be5 20. Nc5 Bb8 21. Nxb7 f5 22. Nc5 fxg4 23. Qxg4 Qf6 24. Re6 h5 25. Rxf6 hxg4 26. Rxg6+ Kh7 27. Rxg4 1-0